00866nam a22002177a 450000500170000001000260001702000250004303500130006803500140008103700090009508200080010424500580011226000750017027000420024530000220028765000230030994200220033299900170035495201310037195201460050220250106164452.0 aENG-100093 ENG-143163 a9788174509895c85.00 aEN-83625 aEN-126695 bDBAD a510 aLaboratory manual in mathematics at secondary stage / aNew DelhibNational Council of Educational Research and Trainingc2009 aSri Aurobindo MargbNew Delhie110016 a203p.c25cm (pbk) aMathematics975938 2ddccENh510mLAB c41457d41457 001040718NFICaDBADbDBADd2010-08-12eDBAD/PUBg85.00l0o510 LABpEN-83625r2010-08-12 00:00:00t1v85.00w2010-08-12yEN 001040708NFICaMPbMPd2025-01-06eDelivery of Books Divisiong85.00l0o510 LABpEN-126695r2025-01-06 00:00:00t1v85.00w2025-01-06yEN